000 00485nam a2200133 a 4500
008 120416s1983 ||||||||||||||||| || u
050 _aP 90 Lib
245 1 0 _aPapers
246 _acommunication's changing face-the challenge to libraries
260 _aLondon
_bLibrary Association
_c1983
300 _aviii, 91p.
350 _a0.00
995 _D0.00
_FCBU-MAIN LIBRARY (Kitwe)
_H1
_I4.00
_M1
_UAVAILABLE
_ZAnnex Low-Usage Collection
999 _c53102
_d53102